000 00519nam a2200181Ia 4500
008 090124s9999 xx 000 0 und d
082 _b129136
100 _aआचार्य नयना.
245 _a आग अन् फुफाटा
250 _a1
260 _c2000
300 _a185
600 _aआचार्य नयना.
630 _a आग अन् फुफाटा
700 _aआचार्य नयना.
730 _a आग अन् फुफाटा
942 _cBOOK
999 _c175225
_d175225